Quiz o Hawajach - Statystyki

Ogólne statystyki
  • Ten quiz został rozwiązany 95 razy
  • Średni wynik to 8 z 22
Statystyki odpowiedzi
Hint Odpowiedź % Poprawnych
Stolica Hawai Honolulu
91%
Języki urzędowe Angielski
77%
Hawajski
65%
Maui
60%
Na jakim oceanie znajdują się Hawaje? Ocean Spokojny
57%
O'ahu
55%
Który prezydent Stanów Zjednoczonych pochodzi z Hawaii? Barack Obama
52%
Główne wyspy Hawai Hawaiʻi
52%
Co stanowi 75% Wyspy Maui? Wulkan
43%
Przez kogo zostały odkryte Hawaje według Europy? James Cook
29%
Łączna liczba wysp 137
26%
Które zwierzę jest zakazane w Hawajach? Węże
23%
Lānaʻi
22%
Molokaʻi
22%
Kaua'i
20%
Co oznacza słowo Humuhumunukunukuāpuaʻa po Hawajsku? Nazwa oficjalnej ryby Hawaii
18%
Co jest zakazane tylko w stanie Hawaje i Utah? Hazard
17%
Hawaje są jedynym stanem USA, w który rośnie... Kawa, kakao, wanilia
17%
Zatoka Hulope jest najlepsza do ... na świecie Nurkowanie
17%
Kaho'olawe
12%
Niʻihau
11%
Jak nazywa się aktywny wulkan na wyspy Hawai'i dziękiktóremu wyspa się ciągle powiększa? Kilaueua
0%
Nie znaleziono quizów pasujących do podanych kryteriów
Rozkład punktacji
Procent ludzi z każdym wynikiem
Percentyl według liczby udzielonych odpowiedzi
Twoja historia wyników
Nie rozwiązałeś tego quizu